Statistics for Flags with only Blue and White - Picture Quiz

Click here to take the quiz!

General Stats

  • This quiz has been taken 82 times
    (30 since last reset)
  • The average score is 5 of 6

Answer Stats

Answer % Correct
Greece
100%
Finland
100%
Israel
100%
Honduras
89%
Somalia
70%
Federated States of Micronesia
67%

Score Distribution

Percentile by Number Answered

Percent of People with Each Score

Your Score History

You have not taken this quiz since the last reset